Statistics for Five Biggest Cities in Each Country - Part Two

Click here to take the quiz!

General Stats

  • This quiz has been taken 105 times
    (45 since last reset)
  • The average score is 177 of 478

Answer Stats

Country#Answer% Correct
Mexico1Mexico City
100%
Libya1Tripoli
100%
Peru1Lima
98%
Portugal1Lisbon
98%
Luxembourg1Luxembourg City
98%
Norway1Oslo
98%
North Korea1Pyongyang
98%
Lithuania1Vilnius
98%
Netherlands1Amsterdam
95%
Paraguay1Asunción
95%
Morocco1Casablanca
95%
Nepal1Kathmandu
95%
Malaysia1Kuala Lumpur
95%
Philippines2Manila
95%
Oman1Muscat
95%
Panama1Panamá City
95%
Portugal2Porto
95%
Mongolia1Ulaanbaatar
95%
Liechtenstein2Vaduz
95%
Poland1Warsaw
95%
Moldova1Chișinău
93%
Togo3Kara
93%
Nigeria1Lagos
93%
Maldives1Malé
93%
Monaco1Monaco
93%
Namibia1Windhoek
93%
New Zealand1Auckland
90%
Pakistan1Karachi
90%
Montenegro1Podgorica
90%
Netherlands2Rotterdam
90%
North Macedonia1Skopje
90%
New Zealand3Wellington
90%
Mozambique2Maputo
88%
Papua New Guinea1Port Moresby
88%
Montenegro5Bar
85%
Morocco2Fez
85%
Poland2Kraków
85%
Nicaragua1Managua
85%
Madagascar1Antananarivo
83%
Spain2Barcelona
83%
Norway2Bergen
83%
South Africa1Cape Town
83%
Spain1Madrid
83%
Niger1Niamey
83%
South Korea1Seoul
83%
Netherlands3The Hague
83%
Turkey2Ankara
80%
Mali1Bamako
80%
Serbia1Belgrade
80%
Slovakia1Bratislava
80%
New Zealand2Christchurch
80%
Sri Lanka1Colombo
80%
Senegal1Dakar
80%
Qatar1Doha
80%
Sierra Leone1Freetown
80%
Turkey1Istanbul
80%
South Africa3Johannesburg
80%
Pakistan2Lahore
80%
United Kingdom1London
80%
Uruguay1Montevideo
80%
Russia1Moscow
80%
Myanmar3Naypyidaw
80%
South Africa5Pretoria
80%
Saudi Arabia1Riyadh
80%
Russia2Saint Petersburg
80%
San Marino3San Marino
80%
Seychelles1Victoria
80%
United Arab Emirates2Abu Dhabi
78%
Thailand1Bangkok
78%
Switzerland5Bern
78%
Republic of the Congo1Brazzaville
78%
Venezuela1Caracas
78%
United Arab Emirates1Dubai
78%
Vietnam2Hanoi
78%
Vietnam1Ho Chi Minh City
78%
United States4Houston
78%
Sudan2Khartoum
78%
Ukraine1Kyiv
78%
United Kingdom3Liverpool
78%
Slovenia1Ljubljana
78%
United States2Los Angeles
78%
United States1New York City
78%
Mauritius1Port Louis
78%
São Tomé and Príncipe1São Tomé
78%
Singapore1Singapore
78%
Sweden1Stockholm
78%
Taiwan4Taipei
78%
Tunisia1Tunis
78%
Venezuela3Valencia
78%
Spain3Valencia
78%
Vatican City1Vatican City
78%
Switzerland1Zürich
78%
United Kingdom2Birmingham
76%
Romania1Bucharest
76%
United States3Chicago
76%
Syria2Damascus
76%
Tanzania4Dodoma
76%
Zimbabwe1Harare
76%
South Sudan1Juba
76%
Rwanda1Kigali
76%
Malawi1Lilongwe
76%
Somalia1Mogadishu
76%
Mauritania1Nouakchott
76%
Trinidad and Tobago3Port of Spain
76%
Mexico2Tijuana
76%
Myanmar1Yangon
76%
Turkmenistan1Ashgabat
73%
South Africa2Durban
73%
Switzerland2Geneva
73%
Saudi Arabia2Jeddah
73%
Nigeria2Kano
73%
Morocco4Marrakesh
73%
Saudi Arabia3Mecca
73%
Suriname1Paramaribo
73%
Spain4Seville
73%
Samoa1Apia
71%
Tanzania1Dar es Salaam
71%
Tajikistan1Dushanbe
71%
Uganda1Kampala
71%
Togo1Lomé
71%
Zambia1Lusaka
71%
Sweden3Malmö
71%
Saudi Arabia4Medina
71%
Yemen1Sana'a
71%
Uzbekistan1Tashkent
71%
Nigeria4Benin City
68%
South Korea2Busan
68%
Sweden2Gothenberg
68%
Solomon Islands1Honiara
68%
Turkey3İzmir
68%
Marshall Islands1Majuro
68%
United States5Phoenix
68%
Morocco3Tangier
68%
Nauru4Yaren
68%
Saint Kitts and Nevis1Basseterre
66%
Libya2Benghazi
66%
Spain5Bilbao
66%
Ukraine5Donetsk
66%
Sri Lanka4Sri Jayawardenepura Kotte
66%
Syria1Aleppo
63%
Saint Lucia1Castries
63%
Netherlands5Eindhoven
63%
Pakistan3Faisalabad
63%
Malaysia4George Town
63%
Saint Vincent and the Grenadines2Georgetown
63%
Nigeria3Ibadan
63%
Lithuania2Kaunas
63%
Ukraine2Kharkiv
63%
Ukraine3Odessa
63%
Mexico5Puebla
63%
Tunisia2Sfax
63%
Netherlands4Utrecht
63%
Poland3Łódź
61%
Nigeria5Port Harcourt
61%
Vanuatu1Port Vila
61%
Philippines1Quezon City
61%
Liechtenstein1Schaan
61%
Norway3Trondheim
61%
Tonga1Nuku'Alofa
59%
Moldova2Tiraspol
59%
Poland4Wrocław
59%
Yemen4Aden
56%
Switzerland3Basel
56%
Sierra Leone3Bo
56%
Turkey4Bursa
56%
Serbia2Novi Sad
56%
United Kingdom4Sheffield
56%
Tuvalu1Funafuti
54%
South Korea3Incheon
54%
Myanmar2Mandalay
54%
Venezuela2Maracaibo
54%
Poland5Poznań
54%
South Korea4Daegu
51%
Saudi Arabia5Dammam
51%
Ukraine4Dnipro
51%
Serbia3Niš
51%
Pakistan4Rawalpindi
51%
Portugal5Braga
49%
Philippines3Davao
49%
Slovakia2Košice
49%
Russia3Novosibirsk
49%
Sudan5Port Sudan
49%
Sweden4Uppsala
49%
Russia5Kazan
46%
Nicaragua2León
46%
Mexico4León
46%
Taiwan1New Taipei
46%
United Kingdom5Bristol
44%
Romania2Cluj-Napoca
44%
Vietnam5Da Nang
44%
Switzerland4Lausanne
44%
Russia4Yekaterinberg
44%
Somalia2Hargeisa
41%
Saint Vincent and the Grenadines1Kingstown
41%
Lithuania3Klaipėda
41%
Slovenia2Maribor
41%
Tunisia3Sousse
41%
Peru2Arequipa
39%
New Zealand4Hamilton
39%
Papua New Guinea2Lae
39%
Republic of the Congo2Pointe Noir
39%
Romania3Timișoara
39%
Romania5Constanța
37%
Syria3Homs
37%
Taiwan2Kaohsiung
37%
Norway4Stavanger
37%
Turkey5Adana
34%
Romania4Iași
34%
Malaysia3Johor Bahru
34%
Palau1Koror
34%
Uzbekistan2Samarkand
34%
Namibia2Walvis Bay
34%
Malawi2Blantyre
32%
Panama2Colón
32%
Norway5Kristiansand
32%
Sudan1Omdurman
32%
Uruguay2Salto
32%
Peru3Trujillo
32%
Portugal3Villa Nova de Gaia
32%
Paraguay2Ciudad del Este
29%
South Korea5Daejeon
29%
Luxembourg2Esch-Sur-Alzette
29%
Pakistan5Gujranwala
29%
Tanzania2Mwanza
29%
Taiwan3Taichung
29%
Luxembourg4Dudelange
27%
Nepal2Pokhara
27%
United Arab Emirates3Sharjah
27%
New Zealand5Tauranga
27%
Turkmenistan2Türkmenabat
27%
Venezuela4Barquisimeto
24%
Zimbabwe2Bulawayo
24%
Venezuela5Maracay
24%
Morocco5Salé
24%
San Marino1Serravalle
24%
Niger5Agadez
22%
Portugal4Amadora
22%
Moldova3Bălți
22%
Mozambique4Beira
22%
North Macedonia2Bitola
22%
Mexico3Ecatepec
22%
North Korea2Hamhung
22%
Mozambique1Matola
22%
Mongolia5Mörön
22%
Oman3Salalah
22%
South Africa4Soweto
22%
United Arab Emirates4Al Ain
20%
Panama3David
20%
Luxembourg3Differdange
20%
Vietnam3Haiphong
20%
Sudan3Khartoum North
20%
Turkmenistan4Mary
20%
Mozambique3Nampula
20%
Madagascar2Toamasina
20%
Niger3Zinder
20%
Tanzania3Arusha
17%
Vietnam4Can Tho
17%
Zambia2Kitwe
17%
Suriname2Lelydorp
17%
Libya3Misrata
17%
Uzbekistan3Namangan
17%
Montenegro2Nikšić
17%
Mauritania2Nouadhibou
17%
Slovakia3Prešov
17%
Sweden5Västerås
17%
Qatar2Ar Rayyan
15%
Moldova4Bender
15%
Trinidad and Tobago1Chaguanas
15%
Peru4Chiclayo
15%
Mongolia2Erdenet
15%
Slovenia5Koper
15%
Syria4Latakia
15%
Paraguay4Luque
15%
Niger2Maradi
15%
Papua New Guinea4Mount Hagen
15%
North Macedonia4Prilep
15%
Mali2Sikasso
15%
Senegal3Thiès
15%
Liechtenstein3Triesen
15%
North Korea5Wonsan
15%
Liechtenstein4Balzers
12%
San Marino2Borgo Maggiore
12%
Slovenia4Celje
12%
North Korea3Chongjin
12%
Mongolia3Darkhan
12%
Liechtenstein5Eschen
12%
Tajikistan2Khujand
12%
Mauritania3Kiffa
12%
Serbia4Kragujevac
12%
Slovenia3Kranj
12%
North Macedonia3Kumanovo
12%
Malawi3Mzuzu
12%
North Korea4Nampo
12%
Thailand2Nonthaburi
12%
Uruguay4Paysandú
12%
Trinidad and Tobago2San Fernando
12%
Oman2Seeb
12%
Namibia3Swakopmund
12%
Yemen2Ta'izz
12%
South Sudan3Wau
12%
Slovakia4Žilina
12%
Yemen3Al Hudaydah
10%
Uzbekistan4Andijan
10%
Slovakia5Banská Bystrica
10%
Saint Lucia2Bisée
10%
Rwanda4Butare
10%
Saint Kitts and Nevis3Charlestown
10%
San Marino4Domagnano
10%
Luxembourg5Ettelbruck
10%
Syria5Hama
10%
Thailand4Hat Yai
10%
Montenegro3Herceg Novi
10%
Yemen5Ibb
10%
Zambia4Kabwe
10%
Senegal5Kaolack
10%
Nepal4Lalitpur
10%
Vanuatu2Luganville
10%
Zimbabwe4Mutare
10%
Uzbekistan5Nukus
10%
Sudan4Nyala
10%
Namibia4Otjiwarongo
10%
Lithuania5Panevėžys
10%
Malta1Qormi
10%
Lithuania4Šiauliai
10%
Oman5Sohar
10%
Taiwan5Taoyuan
10%
North Macedonia5Tetovo
10%
South Sudan2Yei
10%
Philippines5Zamboanga
10%
United Arab Emirates5Ajman
7%
Qatar5Al Khawr
7%
Qatar4Al Wakrah
7%
Libya5Bayda
7%
Seychelles3Bel Ombre
7%
Nepal3Bharatpur
7%
Nepal5Birgunj
7%
Nauru5Boe
7%
Tajikistan3Bokhtar
7%
Philippines4Caloocan
7%
Mozambique5Chimoio
7%
Nicaragua5Chinandega
7%
Mongolia4Choibalsan
7%
Uruguay3Ciudad de la Costa
7%
Turkmenistan3Daşoguz
7%
Republic of the Congo3Dolisie
7%
Marshall Islands2Ebaye
7%
Madagascar5Fianarantsoa
7%
San Marino5Fiorentino
7%
Tajikistan5Istaravshan
7%
Mauritania4Kaédi
7%
Sierra Leone2Kenema
7%
Uganda3Kira
7%
Somalia5Kismayo
7%
Palau2Koror Town
7%
Serbia5Leskovac
7%
Papua New Guinea5Madang
7%
Madagascar4Mahajanga
7%
Sierra Leone5Makeni
7%
South Sudan4Malakal
7%
Solomon Islands2Malango
7%
Nicaragua3Massaya
7%
Nicaragua4Matagalpa
7%
Myanmar4Mawlamyine
7%
Uganda5Mbarara
7%
Tanzania5Mbeya
7%
Nauru3Menen
7%
Uganda2Nansana
7%
Zambia3Ndola
7%
Sri Lanka5Negombo
7%
São Tomé and Príncipe3Neves
7%
Suriname4Nieuw Nickerie
7%
Thailand3Pak Kret
7%
Montenegro4Pljevlja
7%
Moldova5Rîbnița
7%
Senegal4Rufisque
7%
Panama5Santiago de Veraguas
7%
Malaysia2Seberang Perai
7%
Niger4Tahoua
7%
Maldives5Thinadhoo
7%
Malta2Żabar
7%
Malawi4Zomba
7%
Seychelles2Anse Boileau
5%
Madagascar3Antsirabe
5%
Papua New Guinea3Arawa
5%
Nauru1Arijejen
5%
Trinidad and Tobago4Arima
5%
Marshall Islands3Arno
5%
Samoa2Asau
5%
Togo5Atakpamé
5%
Solomon Islands3Auki
5%
South Sudan5Aweil
5%
Saint Vincent and the Grenadines5Barrouallie
5%
Oman4Bawshar
5%
Mauritius3Beau Bassin-Rose Hill
5%
Seychelles4Beau Vallon
5%
Saint Vincent and the Grenadines4Biabaou
5%
Somalia3Borama
5%
Suriname3Brokopondo
5%
Solomon Islands5Buala
5%
Somalia4Burao
5%
Saint Vincent and the Grenadines3Byera Village
5%
Paraguay5Capiatá
5%
Seychelles5Cascade
5%
Saint Kitts and Nevis2Cayon
5%
Thailand5Chaophraya Surasak
5%
Zambia5Chingola
5%
Zimbabwe3Chitungwiza
5%
Mauritius4Curepipe
5%
Sri Lanka2Dehiwala-Mount Lavinia
5%
Nauru2Denigomodu
5%
Trinidad and Tobago5Diego Martin
5%
Saint Kitts and Nevis4Dieppe Bay
5%
Zimbabwe5Epwroth
5%
Tunisia4Ettadhamen
5%
Samoa4Faleula
5%
Maldives2Fuvahmulah
5%
Saint Kitts and Nevis5Gingerland
5%
Solomon Islands4Gizo
5%
Rwanda2Gysenyi
5%
Tonga4Habeluloto
5%
Maldives3Hithadhoo
5%
Vanuatu5Isangel
5%
Marshall Islands4Jabor
5%
Tunisia5Kairoun
5%
Mali3Kalabancoro
5%
Malawi5Kasungu
5%
Republic of the Congo5Kindamba
5%
Palau3Kloulklubed
5%
Sierra Leone4Koidu
5%
Mali4Koutiala
5%
Togo4Kpalimé
5%
Maldives4Kulhudhuffushi
5%
Tajikistan4Kulob
5%
Panama4La Chorrera
5%
Tonga2Lapaha
5%
Uruguay5Las Piedras
5%
Suriname5Meerzorg
5%
Tonga3Meiafu
5%
Palau5Mengellang
5%
Saint Lucia4Micoud
5%
Sri Lanka3Moratuwa
5%
Tuvalu3Motufowa
5%
Rwanda5Muhanga
5%
Samoa3Mulifanua
5%
Republic of the Congo4Nkayi
5%
Vanuatu3Norsup
5%
Namibia5Okahandja
5%
Peru5Pirua
5%
Vanuatu4Port-Olry
5%
Mauritius5Quatre Bornes
5%
Rwanda3Ruhengeri
5%
Paraguay3San Lorenzo
5%
São Tomé and Príncipe4Santana
5%
São Tomé and Príncipe2Santo Amaro
5%
Tuvalu2Savave
5%
Mali5Ségu
5%
Turkmenistan5Serdar
5%
Malta5Siġġiewu
5%
Samoa5Siusega
5%
Togo2Sokodé
5%
Saint Lucia5Soufrière
5%
Uganda4Ssabagabo
5%
Malaysia5Subang Jaya
5%
Tuvalu5Tanrake
5%
Tonga5Tatakamotonga
5%
Myanmar5Taunggye
5%
Senegal2Tauva
5%
Tuvalu4Teava
5%
São Tomé and Príncipe5Trinidade
5%
Palau4Ulimang
5%
Qatar3Umm Salal Muhammad
5%
Mauritius2Vacoas-Phoenix
5%
Saint Lucia3Vieux Fort
5%
Marshall Islands5Wotje
5%
Libya4Zawiya
5%
Malta3Żebbuġ
5%
Malta4Żejtun
5%
Mauritania5Zouérat
5%

Score Distribution

Percentile by Number Answered

Percent of People with Each Score

Your Score History

You have not taken this quiz since the last reset